000 00627cam a2200217 a 4500
001 2788913
005 20180116051208.0
008 820104s1982 nyua b 001 0 eng
010 _a 81022827
020 _a0123109809
040 _aDLC
_cDLC
_dDLC
041 _aeng
080 _a658.4036
082 0 0 _a658.4036 GUZ
_219
100 _a54
101 _aLID
245 0 0 _aImproving group decision making in organizations :
_cedited by Richard A. Guzzo.
504 _aIncludes bibliographies and index.
906 _a7
_bcbc
_corignew
_d1
_eocip
_f19
_gy-gencatlg
942 _2ddc
_cBK
999 _c40364
_d40364